000 01112cam a2200325 a 4500
001 22593
003 SK-KTurca
005 20260401143908.0
008 240318s2013 xo g 000 f slo
015 _aSNBA2014/01
020 _a9788007022416
_q(viaz.)
035 _a83B13BA1-E548-484B-A2FF-0738307CBD24
035 _aurn:nbn:sk:snk-amkbvk
035 _aurn:nbn:sk:snk-am008ioq
040 _aPPPK
_bslo
_cPPPK
_dSNK
_eAACR2
041 1 _aslo
_heng
044 _axo
_cSK
072 7 _a821.111-3
_xAnglická próza, anglicky písaná
_2konspekt
080 _a821.111-31
_22001
100 1 _aKinsella, Sophie,
_d1969-
_4aut
240 1 0 _aI've Got Your Number
_lSlovensky
245 1 0 _aMám tvoje číslo
_bstačí jeden telefonát, aby sa zrodila nová láska?
_cSophie Kinsellová ; [z anglického originálu preložili Top Preklady, s.r.o.]
250 _a1. slov. vyd.
260 _aBratislava
_bPríroda
_c2013
300 _a357 s.
_c21 cm
655 7 _aanglické romány
_2SNKPH
655 7 _aEnglish fiction
_2SNKPHeng
710 2 _aTOP preklady (Bratislava, Slovensko)
_4trl
942 _2ddc
_cKLDE
_n0
999 _c22593
_d22593